[Event "Risarald op"]
[Site "Risarald"]
[Date "2015.06.13"]
[Round "2"]
[White "Arango, Jesus Eduardo"]
[Black "Hoyos, Camilo"]
[Result "0-1"]
[WhiteElo "1699"]
[BlackElo "1851"]
[PlyCount "42"]
[EventDate "2015.06.12"]
[EventType "swiss"]
[EventRounds "7"]
[EventCountry "COL"]
[SourceTitle "CBM 167 Extra"]
[Source "ChessBase"]
[SourceDate "2015.09.14"]
[SourceVersion "1"]
[SourceVersionDate "2015.09.14"]
[SourceQuality "1"]

1. Nf3 d5 2. d4 Nf6 3. c4 c6 4. Nc3 dxc4 5. a4 Be6 6. e3 g6 7. Ne5 Bg7 8. Nxc4 0-0 9. Ne5 Nbd7 10. f4 Nxe5 11. fxe5 Nd5 12. Be2 f6 13. exf6 Rxf6 14. Bf3 Nxc3 15. bxc3 Bc4 16. Kf2 Qc7 17. e4 Raf8 18. Bg5 R6f7 19. Bh4 Qa5 20. Ra3 g5 21. Bxg5 Qxg5 0-1

[Event "Coliseo Menor op"]
[Site "Coliseo Menor"]
[Date "2011.12.17"]
[Round "7"]
[White "Hoyos, Camilo"]
[Black "Herrera Quiceno, Cristian Andres"]
[Result "1-0"]
[WhiteElo "1804"]
[BlackElo "1885"]
[PlyCount "37"]
[EventDate "2011.11.29"]
[EventType "swiss"]
[EventRounds "7"]
[EventCountry "COL"]
[SourceTitle "CBM 145 Extra"]
[Source "ChessBase"]
[SourceDate "2012.01.03"]
[SourceVersion "1"]
[SourceVersionDate "2012.01.03"]
[SourceQuality "1"]

1. e4 g6 2. d4 Bg7 3. Nf3 d6 4. Bc4 e6 5. Nc3 Nd7 6. Bg5 Ne7 7. Qd2 c6 8. 0-0-0 d5 9. Bb3 b5 10. exd5 cxd5 11. Nxb5 Nf6 12. Qf4 Nh5 13. Qc7 Bd7 14. Nd6+ Kf8 15. Qxd8+ Rxd8 16. g4 Nf6 17. Ne5 h6 18. Bxf6 Bxf6 19. Nexf7 1-0

[Event "Coliseo Menor op"]
[Site "Coliseo Menor"]
[Date "2011.12.14"]
[Round "4"]
[White "Sabogal, Orlando Antonio"]
[Black "Hoyos, Camilo"]
[Result "0-1"]
[WhiteElo "1910"]
[BlackElo "1804"]
[PlyCount "86"]
[EventDate "2011.11.29"]
[EventType "swiss"]
[EventRounds "7"]
[EventCountry "COL"]
[SourceTitle "CBM 145 Extra"]
[Source "ChessBase"]
[SourceDate "2012.01.03"]
[SourceVersion "1"]
[SourceVersionDate "2012.01.03"]
[SourceQuality "1"]

1. e4 d5 2. exd5 Nf6 3. d4 Nxd5 4. c4 Nb6 5. Nc3 Nc6 6. d5 Ne5 7. Bf4 Ng6 8. Bg3 a6 9. h4 e6 10. h5 Ne7 11. dxe6 Bxe6 12. Qxd8+ Kxd8 13. 0-0-0+ Kc8 14. b3 Nf5 15. Bf4 Ba3+ 16. Kc2 Rd8 17. Rxd8+ Kxd8 18. Nf3 f6 19. Bd3 c6 20. Rd1 Ke7 21. Re1 Kf7 22. g4 Ne7 23. g5 Bg4 24. gxf6 gxf6 25. Nd2 Bxh5 26. Bxh7 Bg6+ 27. Bxg6+ Nxg6 28. Bc7 Nd7 29. Nde4 Rh8 30. Rd1 Ke6 31. Kd3 Rh3+ 32. Ke2 Nde5 33. Bd8 Nf4+ 34. Kd2 Bb4 35. Kc2 Rf3 36. Bb6 Ng4 37. Rg1 Kf5 38. Ng3+ Kg6 39. Nce2 Nd3 40. Be3 Nde5 41. Nd4 Nxe3+ 42. fxe3 Rf2+ 43. Kd1 Rd2+ 0-1